[Event "Morbihan 2010"]
[Site "?"]
[Date "2009.11.07"]
[Round "2.7"]
[White "Jolivel, Dominique"]
[Black "Brémond, Edouard"]
[Result "1/2-1/2"]
[WhiteElo "1891"]
[BlackElo "1685"]
[PlyCount "72"]
[EventDate "2009.??.??"]

1. Nf3 d5 2. g3 Nf6 3. d4 Bg4 4. Bg2 c6 5. O-O e6 6. Ne5 Bf5 7. c4 Nbd7 8. cxd5
exd5 9. Nc3 Nxe5 10. dxe5 Nd7 11. f4 Bc5+ 12. Kh1 O-O 13. e4 dxe4 14. Nxe4 Be7
15. Qe2 Nc5 16. Nxc5 Bxc5 17. Rd1 Qc7 18. Be3 Bxe3 19. Qxe3 Rfe8 20. Qc5 Red8
21. h3 Be6 22. a3 Bb3 23. Rd4 Rxd4 24. Qxd4 Qd8 25. Qc3 Qb6 26. Rg1 Rd8 27. h4
Bd5 28. Bxd5 Rxd5 29. Rg2 Qb5 30. Qf3 Rd3 31. Qe2 Qd5 32. Kh2 c5 33. Qg4 Qe6
34. Qe2 c4 35. Qe4 Qd5 36. Qf5 Qe6 1/2-1/2

[Event "Morbihan 2010"]
[Site "?"]
[Date "2009.11.07"]
[Round "2.9"]
[White "Pinel, Jérémy"]
[Black "Le Coz, Yannick"]
[Result "1-0"]
[WhiteElo "1888"]
[BlackElo "1679"]
[PlyCount "63"]
[EventDate "2009.??.??"]

1. e4 e5 2. Nf3 Nc6 3. Bb5 a6 4. Ba4 b5 5. Bb3 d6 6. h3 Be6 7. c3 Bxb3 8. Qxb3
Na5 9. Qc2 Be7 10. d4 exd4 11. cxd4 Nf6 12. O-O O-O 13. a4 Nc4 14. b3 Nb6 15.
d5 Re8 16. Nd4 Qd7 17. Re1 h6 18. Nc6 Nh7 19. axb5 Bf6 20. Rxa6 Rac8 21. Be3
Na8 22. Nd2 Bh4 23. Ra7 Ng5 24. Kh2 Nb6 25. Bxb6 f5 26. Be3 Nxe4 27. Nxe4 fxe4
28. b6 Qf5 29. b7 Rb8 30. Nxb8 Rxb8 31. Ra8 Qf8 32. Rea1 1-0

[Event "Morbihan 2010"]
[Site "?"]
[Date "2009.11.07"]
[Round "2.10"]
[White "Purenne, Eric"]
[Black "Annetti, Laurent"]
[Result "0-1"]
[WhiteElo "1400"]
[BlackElo "1841"]
[PlyCount "62"]
[EventDate "2009.??.??"]

1. e4 e5 2. Bc4 Nf6 3. d3 Nc6 4. Bg5 Bc5 5. c3 d6 6. b4 Bb6 7. a4 a6 8. h3 O-O
9. Qf3 Be6 10. Nd2 Kh8 11. Bxf6 gxf6 12. Ne2 Rg8 13. Ng3 Ba7 14. a5 Rg6 15.
Ndf1 Qd7 16. Ne3 Bxe3 17. Qxe3 Ne7 18. h4 f5 19. Bxe6 fxe6 20. h5 f4 21. Qf3
Rg5 22. Nf1 Rag8 23. Rh2 h6 24. Nd2 d5 25. Ke2 Qb5 26. Rb1 Rd8 27. Nb3 dxe4 28.
Qxe4 Nd5 29. Qc4 Qxc4 30. dxc4 Nxc3+ 31. Kf3 Rd3# 0-1

[Event "Morbihan 2010"]
[Site "?"]
[Date "2009.11.07"]
[Round "2.11"]
[White "Siclet, Mathieu"]
[Black "Girod, Bernard"]
[Result "1-0"]
[WhiteElo "1830"]
[BlackElo "1600"]
[PlyCount "49"]
[EventDate "2009.??.??"]

1. e4 c5 2. Nf3 d6 3. d4 cxd4 4. Nxd4 Nf6 5. Nc3 g6 6. Be2 Bg7 7. O-O O-O 8.
Re1 Bd7 9. Bg5 Nc6 10. Nb3 Rc8 11. Bf1 Ne5 12. Nd5 Be6 13. Bxf6 exf6 14. c3
Bxd5 15. Qxd5 Qc7 16. Rad1 Rfd8 17. f4 Nc4 18. Bxc4 Qxc4 19. Qxb7 Qa4 20. Rxd6
Bf8 21. Rxf6 Qd7 22. Qxd7 Rxd7 23. e5 Bg7 24. Rd6 Rdc7 25. Red1 1-0

[Event "Morbihan 2010"]
[Site "?"]
[Date "2009.11.07"]
[Round "2.13"]
[White "Le Garrec, Maxime"]
[Black "Potier, Pierre"]
[Result "1-0"]
[WhiteElo "1687"]
[BlackElo "1730"]
[PlyCount "79"]
[EventDate "2009.??.??"]

1. e4 e5 2. Nf3 Nc6 3. Bb5 d6 4. d4 Bd7 5. d5 Nce7 6. Nc3 c6 7. dxc6 Nxc6 8.
O-O Be7 9. Nd5 a6 10. Ba4 Be6 11. Re1 h6 12. Be3 Bxd5 13. Qxd5 Qc7 14. Bb3 Bf6
15. Red1 O-O-O 16. Qxf7 Qxf7 17. Bxf7 Kb8 18. Bb6 Rd7 19. Be6 Re7 20. Rxd6 h5
21. Rad1 Nh6 22. c3 Nf7 23. Bxf7 Rxf7 24. b4 Ne7 25. Rd7 Rff8 26. Bc7+ Ka7 27.
Bxe5 Nc6 28. Bxf6 gxf6 29. R1d6 Nb8 30. Re7 Rc8 31. g3 Rxc3 32. Rxf6 Rc2 33.
Rff7 Ka8 34. Rxb7 Nc6 35. Rb6 Nb8 36. e5 Rxa2 37. e6 Re8 38. Nd4 Rd2 39. Rbb7
Nc6 40. Nxc6 1-0

[Event "Morbihan 2010"]
[Site "?"]
[Date "2009.11.07"]
[Round "2.15"]
[White "Fétiveau, Arthur"]
[Black "Rivalin, Patrick"]
[Result "0-1"]
[WhiteElo "1490"]
[BlackElo "1580"]
[PlyCount "192"]
[EventDate "2009.??.??"]

1. e4 e5 2. Nf3 Nc6 3. d4 d6 4. d5 Nb8 5. Nc3 a6 6. Be2 Nd7 7. Be3 Ngf6 8. h3
c6 9. Bg5 cxd5 10. Nxd5 h6 11. Nxf6+ Nxf6 12. Bxf6 Qxf6 13. Qd5 Qg6 14. Rg1 Be7
15. O-O-O Rb8 16. Qb3 O-O 17. Bxa6 Qxe4 18. Bd3 Qf4+ 19. Kb1 e4 20. Qa4 Bf5 21.
Be2 Ra8 22. Qb4 Be6 23. a3 Qf6 24. Qxe4 Bf5 25. Qd4 Rfc8 26. Qxf6 Bxc2+ 27. Ka2
Bxf6 28. Rxd6 Bf5 29. Rd2 Rc5 30. g4 Be6+ 31. Kb1 Rac8 32. Bd3 Bd5 33. Be2 Be4+
34. Ka2 Rc2 35. Rgd1 Bxb2 36. Rxc2 Rxc2 37. Rd2 Bf6+ 38. Rxc2 Bxc2 39. Ne1 Be4
40. f3 Bd5+ 41. Kb1 Kf8 42. Kc2 Ke7 43. Nd3 Bc4 44. Nc1 Bd5 45. Nb3 Kd6 46. Na5
b6 47. Nc4+ Kc5 48. Ne3 Be6 49. Nf5 Kd5 50. Bd3 Ke5 51. Ng3 g6 52. Ne2 Bg5 53.
Kc3 f5 54. gxf5 Bxf5 55. Bxf5 Kxf5 56. Kd4 Be7 57. a4 Kg5 58. Ke5 Kh4 59. Ke6
Bc5 60. Kf6 g5 61. Kg7 Kh5 62. f4 gxf4 63. Nxf4+ Kh4 64. Kxh6 Be3 65. Kg6 Bxf4
66. Kf5 Bd2 67. Ke5 Kxh3 68. Kd5 Kg3 69. Kc6 Ba5 70. Kb5 Kf3 71. Kc4 Ke4 72.
Kb5 Kd4 73. Kc6 Kc4 74. Kb7 Kb4 75. Kc6 Kxa4 76. Kd5 b5 77. Kd4 Ka3 78. Kd3 b4
79. Kc2 Ka2 80. Kc1 b3 81. Kd1 b2 82. Ke2 b1=Q 83. Ke3 Qd1 84. Ke4 Qd2 85. Ke5
Qd3 86. Kf4 Qe2 87. Kf5 Qe3 88. Kf6 Qe4 89. Kg5 Kb3 90. Kf6 Kc4 91. Kg5 Kd5 92.
Kf6 Qe5+ 93. Kg6 Ke6 94. Kh7 Kf7 95. Kh6 Bd2+ 96. Kh7 Qg7# 0-1

[Event "Morbihan 2010"]
[Site "?"]
[Date "2009.11.07"]
[Round "2.16"]
[White "Roussel, Bernard"]
[Black "Cheneau, Lionel"]
[Result "0-1"]
[WhiteElo "1580"]
[BlackElo "1410"]
[PlyCount "80"]
[EventDate "2009.??.??"]

1. d4 d5 2. c4 Nc6 3. e3 Nf6 4. Nc3 Bf5 5. a3 e6 6. Nf3 Bg4 7. Be2 Bxf3 8. Bxf3
Na5 9. Qa4+ Nc6 10. b4 Nd7 11. b5 Nb6 12. Qb3 Na5 13. Qc2 Naxc4 14. O-O Nd7 15.
e4 c6 16. exd5 cxd5 17. Re1 Ndb6 18. a4 Bb4 19. Bh5 g6 20. Bf3 Qf6 21. Bxd5
Bxc3 22. Qxc3 Nd6 23. Bh6 g5 24. Qh3 Nxd5 25. Re5 Nf4 26. Qa3 Nc4 27. Qc5 Nxe5
28. dxe5 Qxh6 29. Rd1 Qh5 30. Rd2 Rd8 31. Rxd8+ Kxd8 32. Qd6+ Ke8 33. Qb8+ Ke7
34. Qd6+ Ke8 35. Qb8+ Kd7 36. Qd6+ Kc8 37. Qc5+ Kb8 38. Qd6+ Ka8 39. Qd7 Qe2
40. g3 Qe1# 0-1

[Event "Morbihan 2010"]
[Site "?"]
[Date "2009.11.07"]
[Round "2.18"]
[White "Tonal, Jean-Jacques"]
[Black "Cozic, Matthias"]
[Result "1-0"]
[WhiteElo "1571"]
[BlackElo "1340"]
[PlyCount "55"]
[EventDate "2009.??.??"]

1. d4 d5 2. e3 Nf6 3. f4 Bf5 4. Nf3 Nc6 5. Bb5 e6 6. O-O Bd6 7. Ne5 Bxe5 8.
fxe5 Ne4 9. Nd2 O-O 10. Bxc6 bxc6 11. Nf3 Bg4 12. Qe1 f6 13. b3 f5 14. Ba3 Rf7
15. h3 Bxf3 16. Rxf3 Qg5 17. Kh2 f4 18. exf4 Rxf4 19. Rxf4 Qxf4+ 20. Kg1 Qf5
21. Qf1 Qg5 22. Qf3 Nd2 23. Qe2 Qf4 24. Qf2 Qg5 25. Rd1 Ne4 26. Qf3 c5 27. Rf1
Nd2 28. Qf7+ 1-0

[Event "Morbihan 2010"]
[Site "?"]
[Date "2009.11.07"]
[Round "2.20"]
[White "Berthelot, Eric"]
[Black "Dumont, Gérard"]
[Result "1-0"]
[WhiteElo "1530"]
[BlackElo "1210"]
[PlyCount "69"]
[EventDate "2009.??.??"]

1. d4 d5 2. c4 Nf6 3. Nc3 e6 4. Bg5 h6 5. Bxf6 Qxf6 6. Nf3 Bb4 7. Qa4+ Nc6 8.
e3 Bxc3+ 9. bxc3 O-O 10. cxd5 exd5 11. Be2 Ne7 12. Qc2 Bf5 13. Qb3 Rab8 14. O-O
Qg6 15. Nh4 Qg5 16. Nxf5 Qxf5 17. Qa3 Ng6 18. Rfd1 Nh4 19. Bf1 Rfe8 20. Qb2 Re6
21. Kh1 Rg6 22. f3 Qg5 23. Qf2 Nf5 24. Re1 Re8 25. f4 Qh5 26. Kg1 Nh4 27. g3
Nf3+ 28. Kh1 Nxe1 29. Rxe1 Qf5 30. Bg2 h5 31. h4 Rg4 32. Kh2 g5 33. Bh3 gxh4
34. gxh4 Qf6 35. Bxg4 {temps} 1-0

[Event "Morbihan 2010"]
[Site "?"]
[Date "2009.11.07"]
[Round "2.21"]
[White "Maroufi, Mahzeyar"]
[Black "Aubrun, Lucas"]
[Result "0-1"]
[WhiteElo "1250"]
[BlackElo "1510"]
[PlyCount "68"]
[EventDate "2009.??.??"]

1. e4 e5 2. Nf3 d6 3. h3 Nf6 4. Bd3 Be7 5. O-O O-O 6. Nc3 Nc6 7. Nd5 Nxd5 8.
exd5 Nb4 9. Bc4 Bf5 10. Bb3 a5 11. c3 Na6 12. d4 exd4 13. cxd4 Nb8 14. Re1 Nd7
15. h4 Bg4 16. Qd3 Bxf3 17. Qxf3 Bxh4 18. Bc2 Qf6 19. Bf4 Qxd4 20. Qh5 Bxf2+
21. Kh1 Nf6 22. Qh2 Bxe1 23. Rxe1 Rfe8 24. Rc1 Qxb2 25. Bg5 Qxc1+ 26. Bxc1 Re1+
27. Qg1 Rxg1+ 28. Kxg1 Nxd5 29. Be4 c6 30. Ba3 Nc3 31. Bc2 d5 32. Bb3 a4 33.
Bc2 d4 34. Bd3 b6 0-1

[Event "Morbihan 2010"]
[Site "?"]
[Date "2009.11.07"]
[Round "2.23"]
[White "Le Fort, Joël"]
[Black "Maroufi, Amirvala"]
[Result "1-0"]
[WhiteElo "1499"]
[BlackElo "1210"]
[PlyCount "81"]
[EventDate "2009.??.??"]

1. e4 d5 2. exd5 Qxd5 3. Nc3 Qe6+ 4. Qe2 Qd7 5. Nf3 Nf6 6. d4 Na6 7. Bg5 h6 8.
Bxf6 gxf6 9. O-O-O h5 10. Ne4 Bh6+ 11. Kb1 Qc6 12. Qc4 Be6 13. Qxc6+ bxc6 14.
Bxa6 Rb8 15. h3 Rb6 16. Bd3 a6 17. Nc5 Bc8 18. g4 h4 19. Nxh4 Bg5 20. Nf3 Bf4
21. Bf5 e6 22. Bd3 a5 23. Ne4 f5 24. gxf5 exf5 25. Nc5 f6 26. Rde1+ Kf7 27.
Bc4+ Kg7 28. Ne6+ Kh6 29. Nxf4 Kg7 30. Ne6+ Kh6 31. Nxc7 Rh7 32. Ne6 f4 33.
Nxf4 Rg7 34. Rhg1 a4 35. a3 Rgb7 36. Rg6+ Kh7 37. b3 axb3 38. cxb3 Kh8 39. Re8+
Kh7 40. Rxc8 f5 41. Ng5# 1-0

[Event "Morbihan 2010"]
[Site "?"]
[Date "2009.11.07"]
[Round "2.24"]
[White "Trifault, Youn"]
[Black "Thébaut, Hervé"]
[Result "0-1"]
[WhiteElo "1110"]
[BlackElo "1499"]
[PlyCount "66"]
[EventDate "2009.??.??"]

1. d4 d5 2. c4 g6 3. Nc3 dxc4 4. e4 Bg7 5. Nf3 Bg4 6. e5 e6 7. Bxc4 Nc6 8. h3
Bxf3 9. gxf3 Qxd4 10. Qxd4 Nxd4 11. f4 Nc2+ 12. Kf1 Nxa1 13. Bb5+ c6 14. Bc4
Nc2 15. Be3 Ne7 16. a3 Nf5 17. Ke2 Ncxe3 18. fxe3 Ng3+ 19. Kf2 Nxh1+ 20. Kg2
O-O 21. Kxh1 Rad8 22. Bb3 Rd2 23. Nb1 Rxb2 24. Nc3 Rxb3 25. Ne4 Rxe3 26. Nd6 b6
27. Nc4 Re2 28. Kg1 Rd8 29. Kf1 Ra2 30. Ke1 Bh6 31. Ne3 Bxf4 32. Nc4 Rd3 33. h4
Bg3+ 0-1

[Event "Morbihan 2010"]
[Site "?"]
[Date "2010.01.16"]
[Round "3.2"]
[White "Annetti, Laurent"]
[Black "Le Corre, Patrick"]
[Result "1/2-1/2"]
[WhiteElo "1857"]
[BlackElo "2014"]
[PlyCount "77"]
[EventDate "2010.??.??"]

1. d4 Nf6 2. Nf3 g6 3. Nc3 Bg7 4. e4 d6 5. Be3 c6 6. Qd2 b5 7. Bd3 Nbd7 8. Bh6
Bxh6 9. Qxh6 Qa5 10. O-O b4 11. Ne2 Ba6 12. Bxa6 Qxa6 13. Ng3 O-O-O 14. a3 b3
15. cxb3 Kb8 16. b4 Qb5 17. Qd2 h5 18. a4 Qb7 19. Ng5 Rhf8 20. Rfc1 Rc8 21. f3
Ne8 22. b5 cxb5 23. Rxc8+ Qxc8 24. axb5 Nc7 25. Ne2 Qb7 26. Nc3 f6 27. Nh3 g5
28. Qd3 Qb6 29. Kf1 Ka8 30. b4 Rb8 31. Ra5 Ne6 32. Nd5 Qxd4 33. Qa3 Rb7 34.
Nxe7 Nb6 35. Nc6 Qd1+ 36. Kf2 Qd2+ 37. Kf1 Qd1+ 38. Kf2 Qd2+ 39. Kf1 1/2-1/2

[Event "Morbihan 2010"]
[Site "?"]
[Date "2010.01.03"]
[Round "3.3"]
[White "Mikaty, Gwenegan"]
[Black "Lages, Michel"]
[Result "0-1"]
[WhiteElo "1770"]
[BlackElo "1915"]
[PlyCount "92"]
[EventDate "2010.??.??"]

1. e4 c5 2. Nf3 e6 3. d4 cxd4 4. Nxd4 Nf6 5. e5 Qa5+ 6. Nc3 Qxe5+ 7. Be3 Bb4 8.
Nde2 Nc6 9. g3 Nd5 10. Qd2 Nxe3 11. fxe3 Bxc3 12. Nxc3 a6 13. Bg2 d5 14. O-O-O
Qc7 15. Rhf1 O-O 16. Rf4 Ne5 17. Qd4 Nc4 18. e4 dxe4 19. Bxe4 Ne5 20. Re1 Rd8
21. Bxh7+ Kxh7 22. Qxe5 Qxe5 23. Rxe5 f6 24. Rc5 b5 25. Rh4+ Kg8 26. Rc7 Rd7
27. Rc6 Re7 28. Re4 Kf7 29. Rd4 Bb7 30. Rcd6 Rh8 31. Rd2 Rc8 32. Ne2 e5 33. a3
Rh8 34. Nc3 e4 35. Re2 f5 36. Nd5 Bxd5 37. Rxd5 g6 38. Rd6 Re6 39. Rxe6 Kxe6
40. Kd2 Ke5 41. Rf2 g5 42. Kc3 f4 43. Kb4 e3 44. gxf4+ gxf4 45. Re2 Ke4 46. Rg2
Kf3 0-1

[Event "Morbihan 2010"]
[Site "?"]
[Date "2010.01.16"]
[Round "3.5"]
[White "Duplessy, Franck"]
[Black "Siclet, Mathieu"]
[Result "1-0"]
[WhiteElo "2040"]
[BlackElo "1830"]
[PlyCount "83"]
[EventDate "2010.??.??"]

1. c4 e5 2. Nc3 Nf6 3. g3 d5 4. cxd5 Nxd5 5. Bg2 Nb6 6. a4 a5 7. d3 Be6 8. Bxb7
N8d7 9. Bg2 Bd6 10. Nf3 Nc5 11. Be3 Bb3 12. Qc1 O-O 13. Bxc5 Bxc5 14. O-O Re8
15. Nd2 Be6 16. Nde4 Be7 17. Nb5 c6 18. Nbc3 f5 19. Nd2 Rc8 20. Qc2 Qd4 21. Nf3
Qd6 22. Rfe1 Nd5 23. Qc1 Nb4 24. Nd2 Bg5 25. Qd1 Red8 26. b3 Bxd2 27. Qxd2 Bxb3
28. Rab1 Be6 29. Red1 e4 30. d4 c5 31. Nb5 Qa6 32. e3 Bc4 33. Bf1 Nd3 34. Na3
cxd4 35. exd4 Rxd4 36. Qc3 Rcd8 37. Nb5 Bxb5 38. Rxb5 Ne5 39. Rxd4 Nf3+ 40. Kg2
Rxd4 41. Qxd4 Qxb5 42. Qd8+ 1-0

[Event "Morbihan 2010"]
[Site "?"]
[Date "2010.01.16"]
[Round "3.6"]
[White "Trélohan, Henri"]
[Black "Jolivel, Dominique"]
[Result "0-1"]
[WhiteElo "1685"]
[BlackElo "1891"]
[PlyCount "156"]
[EventDate "2010.??.??"]

1. c4 Nf6 2. Nc3 g6 3. g3 Bg7 4. Bg2 O-O 5. d4 d6 6. Nf3 Nbd7 7. O-O c6 8. e4
e5 9. dxe5 Nxe5 10. Nxe5 dxe5 11. Qxd8 Rxd8 12. Be3 Be6 13. b3 Rd3 14. Na4 b6
15. Nb2 Rd7 16. h3 Rad8 17. Rfd1 Ne8 18. Rxd7 Rxd7 19. Rd1 f6 20. Rxd7 Bxd7 21.
Nd3 Bf8 22. f4 Bd6 23. fxe5 fxe5 24. c5 Bc7 25. cxb6 axb6 26. h4 c5 27. Bc1 Kf7
28. Kf2 Be6 29. Nb2 Nd6 30. Ke3 c4 31. Nxc4 Nxc4+ 32. bxc4 Bxc4 33. a3 Bd6 34.
Kf3 h5 35. g4 Bc5 36. gxh5 gxh5 37. Bh3 Be6 38. Bxe6+ Kxe6 39. Ke2 Be7 40. Be3
b5 41. Bf2 Bxa3 42. Kd1 Kd7 43. Kc2 Kc6 44. Kb3 Bc5 45. Bg3 Bd6 46. Bf2 Kb7 47.
Bg3 Ka6 48. Bf2 Kb7 49. Be3 Kc6 50. Bf2 Bc5 51. Bg3 Bd4 52. Kb4 Kb6 53. Be1
Bc5+ 54. Kb3 Kc6 55. Bg3 Bd6 56. Bf2 Bc5 57. Bg3 Bd6 58. Bf2 Kb7 59. Be3 Ka6
60. Bf2 Ka5 61. Be1+ b4 62. Bg3 Kb5 63. Bf2 Bc5 64. Bg3 Bd4 65. Be1 Bc5 66. Bg3
Be7 67. Be1 Bc5 68. Bg3 Bd4 69. Be1 Bc3 70. Bg3 Ba1 71. Be1 Kc5 72. Bf2+ Bd4
73. Be1 Be3 74. Bxb4+ Kd4 75. Kc2 Kxe4 76. Kd1 Kf3 77. Bc3 e4 78. Bb4 Bf2 0-1

[Event "Morbihan 2010"]
[Site "?"]
[Date "2010.01.16"]
[Round "3.7"]
[White "Brémond, Edouard"]
[Black "Le Garrec, Maxime"]
[Result "1-0"]
[WhiteElo "1685"]
[BlackElo "1687"]
[PlyCount "65"]
[EventDate "2010.??.??"]

1. e4 d6 2. d4 Nf6 3. Nc3 g6 4. Nf3 Bg7 5. Be2 Nbd7 6. O-O O-O 7. Re1 c5 8. e5
dxe5 9. dxe5 Ng4 10. e6 Nb6 11. exf7+ Kxf7 12. Ng5+ Kg8 13. Bxg4 Bd4 14. Be3 e5
15. Be6+ Kh8 16. Nf7+ Rxf7 17. Bxf7 Qf6 18. Bd5 Rb8 19. Bf3 Bf5 20. Bxd4 cxd4
21. Nd5 Nxd5 22. Bxd5 Rc8 23. Be4 b6 24. Bxf5 gxf5 25. Qe2 e4 26. Rad1 Rd8 27.
Qc4 Qg7 28. Qe6 Rg8 29. g3 Rf8 30. Qd5 d3 31. cxd3 Qxb2 32. dxe4 Qxf2+ 33. Kxf2
1-0

[Event "Morbihan 2010"]
[Site "?"]
[Date "2010.01.16"]
[Round "3.8"]
[White "Loizil, Joël"]
[Black "Boubli, Jordan"]
[Result "1-0"]
[WhiteElo "1788"]
[BlackElo "1299"]
[PlyCount "71"]
[EventDate "2010.??.??"]

1. e4 e6 2. d4 d5 3. Nd2 c5 4. c3 Nc6 5. Ngf3 a6 6. Bd3 c4 7. Bc2 Bd6 8. O-O
Nge7 9. Re1 O-O 10. Nf1 Ng6 11. e5 Be7 12. Ng3 Bd7 13. Bd2 Be8 14. b3 Na5 15.
b4 Nc6 16. a4 b5 17. Ra2 Ra7 18. Qa1 Qd7 19. Qb2 f6 20. exf6 Bxf6 21. Nh5 Bf7
22. Nxf6+ gxf6 23. axb5 axb5 24. Rxa7 Nxa7 25. Qa3 Qb7 26. Ra1 Ra8 27. Qa6 Qxa6
28. Rxa6 Kg7 29. h4 h5 30. g3 Bg8 31. Nh2 f5 32. Nf3 Ne7 33. Ne5 Nec8 34. Bd1
Rb8 35. Bxh5 Rb7 36. Bg5 1-0

[Event "Morbihan 2010"]
[Site "?"]
[Date "2010.01.16"]
[Round "3.9"]
[White "Audren, Jean"]
[Black "Gallois, Jérôme"]
[Result "0-1"]
[WhiteElo "1530"]
[BlackElo "2035"]
[PlyCount "54"]
[EventDate "2010.??.??"]

1. d4 Nf6 2. Nc3 d5 3. Nf3 Bf5 4. Bf4 c6 5. Ne5 e6 6. a3 Nbd7 7. e3 Be7 8. Be2
Nxe5 9. Bxe5 h5 10. Bxf6 Bxf6 11. Bxh5 Qc7 12. Bf3 Rxh2 13. g3 Rxh1+ 14. Bxh1
O-O-O 15. Qd2 Bg4 16. Ne2 e5 17. O-O-O Qe7 18. Re1 Rh8 19. e4 Rh2 20. exd5 Bg5
21. f4 exf4 22. Nxf4 Rxd2 23. Rxe7 Rh2 24. Rxf7 Rxh1+ 25. Kd2 Bf6 26. dxc6 bxc6
27. Rxa7 Rd1+ 0-1

[Event "Morbihan 2010"]
[Site "?"]
[Date "2010.01.16"]
[Round "3.10"]
[White "Aubrun, Lucas"]
[Black "Hocher, Eugène"]
[Result "0-1"]
[WhiteElo "1510"]
[BlackElo "1788"]
[PlyCount "64"]
[EventDate "2010.??.??"]

1. d4 Nf6 2. c4 c5 3. d5 g6 4. Nc3 d6 5. e4 Bg7 6. Bd2 Nbd7 7. Nf3 Nb6 8. Be2
O-O 9. Qc1 Bg4 10. b3 Re8 11. Rb1 Nbd7 12. Bh6 Bh8 13. h3 Bxf3 14. Bxf3 Ne5 15.
h4 Nxf3+ 16. gxf3 Nh5 17. f4 Qa5 18. Rh3 e6 19. Kf1 exd5 20. Nxd5 Rxe4 21. Re3
Rae8 22. Rxe4 Rxe4 23. f3 Re6 24. f5 Ng3+ 25. Kg2 Nxf5 26. Kh3 Qxa2 27. Bf4 Qf2
28. Qg1 Qxh4+ 29. Kg2 Bd4 30. Qf1 g5 31. Bh2 Rh6 32. Qh1 Qh3# 0-1

[Event "Morbihan 2010"]
[Site "?"]
[Date "2010.01.16"]
[Round "3.11"]
[White "Pouliquen, Alain"]
[Black "Tonal, Jean-Jacques"]
[Result "1-0"]
[WhiteElo "1720"]
[BlackElo "1569"]
[PlyCount "105"]
[EventDate "2010.??.??"]

1. d4 f5 2. c4 Nf6 3. Nc3 b6 4. Nf3 Bb7 5. g3 e6 6. Bg2 Be7 7. O-O O-O 8. Bf4
Nh5 9. Bc1 c5 10. d5 exd5 11. Nxd5 Kh8 12. Ne1 Na6 13. a3 Nc7 14. Nxe7 Bxg2 15.
Ng6+ hxg6 16. Kxg2 Qe7 17. b3 Rad8 18. Nf3 Rde8 19. e3 g5 20. Bb2 f4 21. Ne5
f3+ 22. Qxf3 Rxf3 23. Ng6+ Kh7 24. Nxe7 Rf7 25. Nd5 Ne6 26. Rad1 g4 27. Rd2 Ng5
28. Nc3 Nf3 29. Rd6 Nf6 30. Rfd1 Ree7 31. h3 Ng5 32. hxg4 Nxg4 33. Rh1+ Kg8 34.
Rd2 Nf3 35. Re2 Re6 36. Nd5 Rh6 37. Rxh6 Nxh6 38. Nf4 Ng5 39. f3 Re7 40. e4 Rf7
41. Rd2 Ne6 42. Nxe6 dxe6 43. g4 Re7 44. Kg3 Kf7 45. Kf4 Ng8 46. Kg5 Nh6 47.
Kh5 Ng8 48. g5 Rb7 49. g6+ Ke8 50. Kg5 Re7 51. f4 Rb7 52. Rd6 Re7 53. Be5 1-0

[Event "Morbihan 2010"]
[Site "?"]
[Date "2009.11.13"]
[Round "3.12"]
[White "Cozic, Daniel"]
[Black "Berthelot, Eric"]
[Result "1-0"]
[WhiteElo "1710"]
[BlackElo "1530"]
[PlyCount "39"]
[EventDate "2009.??.??"]

1. e4 e5 2. Nf3 Nc6 3. Bb5 Nf6 4. Nc3 d6 5. d4 exd4 6. Nxd4 Bd7 7. Bg5 h6 8.
Bh4 a6 9. Bc4 Be7 10. O-O O-O 11. f4 Bg4 12. Qd3 b5 13. Nxc6 bxc4 14. Qxc4 Qe8
15. e5 Be6 16. Nxe7+ Qxe7 17. exf6 gxf6 18. Qd4 Kg7 19. Rae1 Qd8 20. Ne4 1-0

[Event "Morbihan 2010"]
[Site "?"]
[Date "2010.01.16"]
[Round "3.13"]
[White "Le Coz, Yannick"]
[Black "Maréchal, Daniel"]
[Result "1-0"]
[WhiteElo "1679"]
[BlackElo "1560"]
[PlyCount "85"]
[EventDate "2010.??.??"]

1. e4 c5 2. Nf3 d6 3. Bb5+ Bd7 4. Bxd7+ Nxd7 5. Qe2 a6 6. e5 Nxe5 7. Nxe5 dxe5
8. Qxe5 Qd6 9. f4 e6 10. O-O Qd4+ 11. Kh1 Nf6 12. Nc3 Bd6 13. Qxd4 cxd4 14. Ne2
Bc5 15. d3 O-O 16. b3 Rad8 17. a4 Rd5 18. Ba3 Rc8 19. Bxc5 Rcxc5 20. Ra2 Ng4
21. h3 Ne3 22. Rc1 f6 23. Rb2 Rd7 24. b4 Rcc7 25. Ng1 e5 26. fxe5 fxe5 27. Nf3
Re7 28. Nd2 b5 29. axb5 axb5 30. Ne4 Rc6 31. Nc5 Rf7 32. Ra2 Rf2 33. g4 Rc7 34.
Ra8+ Rf8 35. Rxf8+ Kxf8 36. Ne6+ Ke7 37. Nxc7 Kd6 38. Nxb5+ Kc6 39. Na3 Nd5 40.
b5+ Kd6 41. Rb1 Nb6 42. Nc4+ Nxc4 43. dxc4 1-0

[Event "Morbihan 2010"]
[Site "?"]
[Date "2010.01.16"]
[Round "3.14"]
[White "Thébaut, Hervé"]
[Black "Bonhomme, Christian"]
[Result "1-0"]
[WhiteElo "1499"]
[BlackElo "1629"]
[PlyCount "91"]
[EventDate "2010.??.??"]

1. d4 Nf6 2. g3 e6 3. Bg2 d5 4. Nf3 c6 5. O-O Bd6 6. e3 O-O 7. Nbd2 Nbd7 8. a3
e5 9. c4 exd4 10. exd4 dxc4 11. Nxc4 Bc7 12. b4 h6 13. Bb2 Nd5 14. Qc2 N7f6 15.
Rfe1 Be6 16. Nce5 Qc8 17. Bf1 Rd8 18. Rad1 Bd6 19. Nc4 Bf8 20. Nfe5 Qc7 21. Ng6
Bg4 22. Nxf8 Bxd1 23. Rxd1 Rxf8 24. Bh3 Rad8 25. Ne5 a5 26. Qc5 axb4 27. axb4
Ra8 28. Bc1 Ra4 29. Bd2 Ne4 30. Qc2 Rfa8 31. Qxe4 Nxb4 32. Bxb4 Rxb4 33. Nd3
Rba4 34. Bf5 Rd8 35. Nc5 Rc4 36. Kg2 Rxc5 37. dxc5 Kf8 38. Rxd8+ Qxd8 39. Qd3
Qxd3 40. Bxd3 g6 41. h4 h5 42. Kf3 Ke7 43. Kf4 Ke6 44. Bc4+ Kf6 45. Bb3 Ke7 46.
Kg5 1-0

[Event "Morbihan 2010"]
[Site "?"]
[Date "2010.01.16"]
[Round "3.15"]
[White "Girod, Bernard"]
[Black "Le Fort, Joël"]
[Result "0-1"]
[WhiteElo "1590"]
[BlackElo "1499"]
[PlyCount "86"]
[EventDate "2010.??.??"]

1. e4 e5 2. Nf3 Nc6 3. d4 exd4 4. Nxd4 Nxd4 5. Qxd4 d6 6. Be2 Be7 7. Nc3 Nf6 8.
O-O O-O 9. Be3 Be6 10. Rad1 Qd7 11. Nd5 c6 12. Nxe7+ Qxe7 13. Bg5 Rfd8 14. Bxf6
Qxf6 15. Qxf6 gxf6 16. a3 f5 17. exf5 Bxf5 18. Bd3 Bxd3 19. Rxd3 d5 20. Rfd1
Re8 21. Kf1 Re5 22. f4 Re4 23. g3 Rae8 24. R3d2 Kg7 25. c3 Rd8 26. Re2 Rxe2 27.
Kxe2 Re8+ 28. Kf2 Re4 29. Re1 Rxe1 30. Kxe1 f5 31. Ke2 Kg6 32. h3 h5 33. Kf3
Kf6 34. h4 a5 35. b4 axb4 36. axb4 b6 37. Ke3 c5 38. Kd3 Ke6 39. b5 Kd6 40. c4
dxc4+ 41. Kxc4 Ke6 42. Kd3 Kd5 43. g4 fxg4 0-1

[Event "Morbihan 2010"]
[Site "?"]
[Date "2010.01.16"]
[Round "3.16"]
[White "Cheneau, Lionel"]
[Black "Bezy, Bernard"]
[Result "0-1"]
[WhiteElo "1400"]
[BlackElo "1590"]
[PlyCount "80"]
[EventDate "2010.??.??"]

1. e4 e5 2. Nf3 Nc6 3. Bc4 Bc5 4. d3 h6 5. Nc3 d6 6. h3 Na5 7. Bb5+ c6 8. Ba4
b5 9. Bb3 Ne7 10. a3 Nxb3 11. cxb3 O-O 12. b4 Bb6 13. a4 Bd7 14. a5 Bc7 15. Be3
Be6 16. d4 f5 17. g3 fxe4 18. Nxe4 d5 19. Nc5 Bc8 20. dxe5 Ng6 21. Nd3 Qe7 22.
Bc5 Qe8 23. Bxf8 Kxf8 24. Qe2 Bf5 25. O-O-O Be4 26. Rhe1 Qf7 27. Nd4 Bxe5 28.
f3 Bxd3 29. Qxd3 Bxg3 30. Ne6+ Kg8 31. Re3 Nf4 32. Qf1 Nxe6 33. Rc3 Qf4+ 34.
Kb1 Nd8 35. Qg1 h5 36. Rd4 Qf5+ 37. Ka1 Be5 38. Qe3 Bxd4 39. Qxd4 Qxh3 40. f4
Qg4 0-1

[Event "Morbihan 2010"]
[Site "?"]
[Date "2010.01.16"]
[Round "3.17"]
[White "Rivalin, Patrick"]
[Black "Purenne, Eric"]
[Result "1-0"]
[WhiteElo "1580"]
[BlackElo "1450"]
[PlyCount "97"]
[EventDate "2010.??.??"]

1. d4 d5 2. c4 e6 3. Nc3 Bb4 4. a3 Bxc3+ 5. bxc3 Ne7 6. cxd5 exd5 7. e3 O-O 8.
Bd3 Bf5 9. Qc2 Bxd3 10. Qxd3 c6 11. Nf3 h6 12. O-O Nd7 13. c4 Qc7 14. cxd5 Nxd5
15. e4 Nf4 16. Bxf4 Qxf4 17. Rab1 b5 18. h3 Qc7 19. Rfc1 a6 20. Rb3 Qb6 21. e5
Rfe8 22. Qe4 Rac8 23. Rbc3 c5 24. Qd5 Rcd8 25. dxc5 Nf6 26. exf6 Qxf6 27. Qb3
Qc6 28. Rd3 Rxd3 29. Qxd3 Re7 30. Qd6 Qxd6 31. cxd6 Rd7 32. Rd1 f6 33. Rd5 Kf7
34. Nd4 g6 35. g4 h5 36. gxh5 gxh5 37. Kg2 Kg6 38. Nc6 Kf7 39. Nb8 Ke6 40. Rd2
Rxd6 41. Rxd6+ Kxd6 42. Nxa6 f5 43. Kf3 Kc6 44. Kf4 Kb6 45. Nb4 Ka5 46. Kxf5
Ka4 47. Nc2 Kb3 48. Nd4+ Kxa3 49. Nxb5+ 1-0